000 00485nam a2200181Ia 4500
001 7890
005 20260306160528.0
008 260306t1999||||xx |||||||||||||| ||spa||
041 _aESP
082 _a363.69
_bA133
110 _aAgencia Española de Cooperación Internacional
245 0 _aPrograma de preservación del patrimonio cultural de Iberoamérica
260 _c1999
300 _a222 páginas :
_c23 cm.
650 _aGEN
654 _aCAN
942 _cLIB
_dJUS
_fJUS
_2ddc
_n
999 _c7890
_d7890